000 00775nam a2200253 i 4500
001 172670
003 ES-MaACL
005 20250710062734.0
007 t|
008 090817e1992 fr | n |||| | fre |
020 _a2-13-045035-0
080 _a929.52 Orleáns
100 1 _aRobert, Hervé.
_997805
245 1 2 _aL'orléanisme /
_cHervé Robert.
250 _a1re éd.
260 _aParis :
_bPresses Universitaires de France,
_c1992.
300 _a125 p. ;
_c18 cm.
490 1 _aQue sais-je? ;
_v2706
600 3 4 _aOrleáns, Casa de.
_987284
651 7 _aFrancia-
_xPolítica y gobierno-
_yS.XIX
_2
_9141165
830 0 0 _aQue sais-je?
_v2706
_9180931
852 4 _aES-MaACL
_jE-12958
_9R.139173
_z. - Biblioteca Jacinto Martínez Lacalle
999 _c172670
_d172670